000 00654nam a2200181Ia 4500
008 090630s9999 xx 000 0 und d
082 _b13824
100 _aखाडीलकर उषा.
245 _aइंग्रजी भाषा शिक्षक.
_cखाडीलकर उषा.
260 _bमनोरमा - मुंबई.
_c1995
300 _a264
600 _aखाडीलकर उषा.
630 _aइंग्रजी भाषा शिक्षक.
655 _aइतर.
700 _aखाडीलकर उषा.
730 _aइंग्रजी भाषा शिक्षक.
942 _cBOOK
999 _c265680
_d265680